Journey of the Universe As Expounded in the Quran (Record no. 550302)
[ view plain ]
| 000 -LEADER | |
|---|---|
| fixed length control field | 00470nam a22001457a 4500 |
| 020 ## - INTERNATIONAL STANDARD BOOK NUMBER | |
| International Standard Book Number | 0710302517 |
| 082 ## - DEWEY DECIMAL CLASSIFICATION NUMBER | |
| Classification number | 297.1228 |
| Author Mark | HAE |
| -- | L-31 II, P-53 |
| 100 ## - MAIN ENTRY--PERSONAL NAME | |
| Personal name | Shaykh Fadhlalla Haer |
| 9 (RLIN) | 46994 |
| 245 ## - TITLE STATEMENT | |
| Title | Journey of the Universe As Expounded in the Quran |
| Statement of responsibility, etc. | Shaykh Fadhlalla Haer |
| 260 ## - PUBLICATION, DISTRIBUTION, ETC. | |
| Place of publication, distribution, etc. | London |
| Name of publisher, distributor, etc. | Routledge & Kegan Paul, Associated Book Publishers (UK) Ltd |
| 300 ## - PHYSICAL DESCRIPTION | |
| Extent | 102 P, : |
| 526 ## - STUDY PROGRAM INFORMATION NOTE | |
| Program name | 0 |
| Interest level | 0 |
| Reading level | 0 |
| Title point value | 297_122800000000000_HAE |
| 650 ## - SUBJECT ADDED ENTRY--TOPICAL TERM | |
| Topical term or geographic name entry element | MCE |
| 9 (RLIN) | 379 |
| 942 ## - ADDED ENTRY ELEMENTS (KOHA) | |
| Source of classification or shelving scheme | |
| Koha item type | Book |
| Withdrawn status | Lost status | Source of classification or shelving scheme | Damaged status | Not for loan | Permanent Location | Current Location | Date acquired | Total Checkouts | Full call number | Barcode | Date last seen | Price effective from | Koha item type |
|---|---|---|---|---|---|---|---|---|---|---|---|---|---|
| Military College of Engineering (MCE) | Military College of Engineering (MCE) | 10/30/2014 | 297.1228 HAE | MCE-25821 | 10/30/2014 | 10/30/2014 | Book |
